000 00834nam a2200217Ii 4500
003 JO-AjNU
008 230605s9999||||xx |||||||||||||| ||und||
020 _a978- 641 452- 119- 9
040 _aJO-AjNU
_bara
_erda
_cJO-AjNU
041 _aara
050 1 4 _aHF5415.32 .Z93 2018
100 3 _aالزعبي، علي فلاح,
_eauthor
_959272
245 0 0 _aسلوك المستهلك: ( مدخل وظيفي تطبيقي) =( Consumer Behaviour Entrance and functional application)
250 _aط1
264 3 1 _aالامارات: دار الكتاب الجامعي، 2018
300 _a411ص
_bيحتوي على مراجع ومصادر من ص407-411
336 _atext
_btxt
_2rdacontent
337 _aunmediated
_bn
_2rdamedia
338 _avolume
_bnc
_2rdacarrier
650 4 _aالمستهلكون- سلوك الحياة
_959273
999 _aA26664
_c30232
_d30232